| 000 | 01600nam a22003370a 4500 | ||
|---|---|---|---|
| 001 | PT3076 | ||
| 003 | AR-LpoUNG | ||
| 005 | 20260131014316.0 | ||
| 008 | 201001s1998||||ag |||||||||||||||||spa d | ||
| 040 |
_aAR-LpoUNG _bspa _eaacr |
||
| 041 | _aspa | ||
| 044 | _aag | ||
| 082 | 0 | _a334.01 787eco | |
| 100 | 1 |
_aCoraggio, José Luis _93 |
|
| 245 | 1 | 0 |
_aEconomía popular urbana : _buna nueva perspectiva para el desarrollo local |
| 250 | _a1ra. ed. | ||
| 260 |
_aBuenos Aires : _bUniversidad Nacional de General Sarmiento, _cnoviembre de 1998. |
||
| 300 |
_a139 p. : _bgráfs. |
||
| 490 | 0 |
_aPrograma de Desarrollo Local ; _vno.1 |
|
| 520 | _aEl conjunto de actividades que conforman este programa se proponen instalar en la esfera pública la cuestión del desarrollo local, entendido como un proceso de desarrollo integral en el que las condiciones de vida de todos los mienbros de la sociedad local mejoran de manera sostenida tanto en lo material como en lo social, lo cultural y lo político. Puesto que el papel de los actores locales constituyen uno de los resortes fundamentales de este proceso, el Programa está especialmente orientado a generar instancias de encuentro, capacitación y coordinación de los agentes actuales y potenciales del desarrollo local. | ||
| 650 | 4 | _aDESARROLLO LOCAL | |
| 650 | 4 | _aECONOMIA REGIONAL | |
| 650 | 4 | _aECONOMIA URBANA | |
| 650 | 4 | _aMICROECONOMIA | |
| 650 | 4 | _aPAISES EN DESARROLLO | |
| 650 | 4 | _aPOLITICA REGIONAL | |
| 651 | 4 | _aArgentina | |
| 710 | 2 | _aUniversidad Nacional de General Sarmiento | |
| 905 | _a3076 | ||
| 942 |
_cLIB _2ddc |
||
| 999 |
_c51928 _d51928 |
||